Gaming Quiz

Random Gaming or Animation Quiz

Pokémon by GIF (Slideshow) Quiz Stats

Quiz not verified by Sporcle

Challenge
Share
Tweet
Score 0/30 Timer 10:00
0 Plays Today
% Correct
Bulbasaur
99.4%
Beedrill
96%
Mewtwo
95.1%
Tentacruel
91.3%
Rhydon
87.2%
Togepi
86.1%
Lugia
83.3%
Lucario
79.6%
Xatu
79%
Noctowl
78.5%
Quilava
78.2%
Rayquaza
77.2%
Blaziken
76.3%
Gardevoir
73.7%
Spheal
70.5%
% Correct
Oshawott
68.5%
Kecleon
68.4%
Giratina
67.4%
Roserade
67.2%
Torterra
66.6%
Weavile
66%
Greninja
64.4%
Stunfisk
59.7%
Xerneas
58.8%
Kyurem
57.5%
Purrloin
55.6%
Bunnelby
51.2%
Lilligant
47.7%
Heliolisk
46.2%
Malamar
45.1%

You're not logged in!

Compare scores with friends on all Sporcle quizzes.
Join for Free
OR
Log In

You Might Also Like...

Show Comments

Extras

Top Quizzes Today


Score Distribution

Your Account Isn't Verified!

In order to create a playlist on Sporcle, you need to verify the email address you used during registration. Go to your Sporcle Settings to finish the process.

Report this User

Report this user for behavior that violates our Community Guidelines.

Details: